zpět

Detail výsledku týmu

AC klub, Hradec Králové

Datum a čas kvízu

22 Celkem bodů Celkový počet nahraných bodů na tomto kvízu bez doplňovacích otázek.
7. Pořadí na kvízu Konečné umístění týmu na tomto kvízu.

Zaznamenané odpovědi

# Otázka Odpověď Body Výsledky
1. Manželka známého zločince se s... 1
2. Jihokorejec Kim Čong-jang byl... 0
3. Tři ženy v galerii mezinárodní... 0
4. Řada čínských e-shopů stáhla z... 0
5. Koncovka bitvy o titul nemohla... 1
6. Nedávno jsme zde probírali tém... 1
5. Ze školních lavic víme, že ját... 1
5. V tenkém střevu dochází ke kon... 1
5. Kterým českým výrazem je pojme... 1
5. Která z těchto částí trávicí s... 1